书目信息 |
| 题名: |
心灵寓言
|
|
| 作者: | 冷冰川 绘 | |
| 分册: | ||
| 出版信息: | 北京 人民日报出版社 1999 |
|
| 页数: | 84页 | |
| 开本: | 38cm | |
| 丛书名: | ||
| 单 册: | ||
| 中图分类: | J227 | |
| 科图分类: | ||
| 主题词: | 版画--中国--现代--画册 | |
| 电子资源: | ||
| ISBN: | 7-80153-055-1 | |
| 000 | 00615cam0 2200217 45 | |
| 001 | 0199020945 | |
| 005 | 20070921083232.01 | |
| 010 | @a7-80153-055-1@b精装@dCNY120.00 | |
| 100 | @a19990403d1999 em y0chiy0121 ea | |
| 101 | 0 | @achi |
| 102 | @aCN@b110000 | |
| 105 | @aa z 000yy | |
| 200 | 1 | @a心灵寓言@AXin Ling Yu Yan@e冷冰川的世界@f冷冰川绘@FLeng Bing Chuan Hui |
| 210 | @a北京@c人民日报出版社@d1999 | |
| 215 | @a84页@d38cm | |
| 606 | @a版画@y中国@z现代@x画册 | |
| 690 | @aJ227@v4 | |
| 701 | 0 | @a冷冰川@ALeng Bing Chuan@4绘 |
| 801 | 0 | @aCN@bNLC@c20070921 |
| 905 | @aBZT@dJ227@e2 | |
| 906 | @dCNY120.00@n0@r1 | |
| 心灵寓言:冷冰川的世界/冷冰川绘.-北京:人民日报出版社,1999 |
| 84页;38cm |
| ISBN 7-80153-055-1(精装):CNY120.00 |
| ● |
| 相关链接 |
|
|
|
正题名:心灵寓言
索取号:J227/2
 
预约/预借
| 序号 | 登录号 | 条形码 | 馆藏地/架位号 | 状态 | 备注 |
| 1 | 576554 | 230154872 | 中心书库中库/ 中库017架B面4列2层7/ [索取号:J227/2] | 在馆 | |
| 2 | 576555 | 230154871 | 中心书库中库/ 中库017架B面4列2层1/ [索取号:J227/2] | 在馆 | |
| 3 | 576556 | 230154870 | 中心书库中库/ 中库017架B面4列2层2/ [索取号:J227/2] | 在馆 | |
| 4 | 576557 | 230154869 | 中心书库中库/ 中库017架B面4列2层3/ [索取号:J227/2] | 在馆 | |
| 5 | 576558 | 230154868 | 中心书库中库/ 中库017架A面1列6层18/ [索取号:J227/2] | 在馆 | |
| 6 | 584246 | 230155927 | 中心书库中库/ 中库017架B面4列2层4/ [索取号:J227/2] | 在馆 | |
| 7 | 584247 | 230155926 | 中心书库中库/ 中库017架A面3列7层14/ [索取号:J227/2] | 在馆 | |
| 8 | 584248 | 230155925 | 中心书库中库/ 中库017架B面4列2层8/ [索取号:J227/2] | 在馆 | |
| 9 | 584249 | 230155924 | 中心书库中库/ 中库017架B面4列2层5/ [索取号:J227/2] | 在馆 | |
| 10 | 584250 | 230155923 | 中心书库中库/ 中库017架B面4列2层6/ [索取号:J227/2] | 在馆 |